Stavebno-technologický projekt na zadanú stavbu "Bytové domy Amber - Bratislava - Devínska Nová Ves"

Na minha lista:
Detalhes bibliográficos
Autor principal: Dávid, Matúš (Author)
Outros Autores: Chamulová, Barbara (Thesis advisor)
Formato: Manuscrito Livro
Idioma:eslovaco
Publicado em: 2019
Assuntos:
Acesso em linha:http://is.stuba.sk/zp/portal_zp.pl?podrobnosti=144651
https://opac.crzp.sk/?fn=detailBiblioForm&sid=BB60B769A491B65141F539F2173F
Tags: Adicionar Tag
Sem tags, seja o primeiro a adicionar uma tag!

MARC

LEADER 00000ntm a22000003a 4500
001 stuzp75370
003 SK-STU
005 20230526135741.0
007 ta
008 150427s2015----xo-----f-mn---000-0-slo-d
040 |a STU  |b slo 
041 0 |a slo 
100 1 |a Dávid, Matúš  |u 010270  |k Z4  |4 aut  |U SvF Stavebná fakulta  |T SvF Katedra technológie stavieb  |X 75543  |U V270  |Y 28  |7 75543 
242 0 1 |a Construction-technology project  |y eng 
245 1 0 |a Stavebno-technologický projekt na zadanú stavbu "Bytové domy Amber - Bratislava - Devínska Nová Ves" 
260 |c 2019 
650 4 |a prúdová metóda  |2 slo 
650 4 |a bytové domy  |2 slo 
650 4 |a stavebno-technologická príprava  |2 slo 
650 4 |a metódy výstavby  |2 slo 
650 4 |a apartment buildings  |2 eng 
650 4 |a construction-technological preparation  |2 eng 
650 4 |a current method  |2 eng 
650 4 |a construction methods  |2 eng 
700 1 |a Chamulová, Barbara  |u 010270  |k Z1  |4 ths  |U SvF Stavebná fakulta  |T SvF Katedra technológie stavieb  |X 42510  |U V270  |Y 28  |7 A000042510 
856 4 |u http://is.stuba.sk/zp/portal_zp.pl?podrobnosti=144651 
856 4 |u https://opac.crzp.sk/?fn=detailBiblioForm&sid=BB60B769A491B65141F539F2173F